Geometry Dash Demon list every year - Statistics

General Stats
  • This quiz has been taken 202 times
    122 since last reset
  • The average score is 33 of 67
Answer Stats
Hint Answer % Correct
2025 Amethyst
97%
2024, 2025 Tidal Wave
97%
2020 Thinking Space
96%
2025 Thinking Space II
95%
2025 Flamewall
91%
2022, 2023, 2024 Acheron
89%
2016 Bloodbath
89%
2021, 2022, 2023 Slaughterhouse
87%
2023, 2024 Avernus
86%
2024, 2025 Nullscapes
84%
2025 BOOBAWAMBA
82%
2018, 2019 Bloodlust
80%
2017, 2018 Sonic Wave
80%
2022, 2023, 2024, 2025 Silent clubstep
79%
2020, 2021 Tartarus
78%
2025 andromeda
75%
2019, 2020, 2021 Zodiac
75%
2024 Anathema
74%
2025 Every End
72%
2020, 2021 The Golden
72%
2017, 2018 Yatagarasu
71%
2021, 2022, 2023 Firework
70%
2025 Subsuming Vortex
70%
2022, 2023 Sakupen Circles
68%
2022, 2023, 2024 Abyss of Darkness
64%
2023, 2024 Kyouki
59%
2017, 2018 Erebus
58%
2016 Sakupen Hell
55%
2016 Phobos
54%
2021 Sonic Wave Infinity
54%
2019, 2020, 2021 Kenos
53%
2023 KOCMOC
50%
2021, 2022 arcturus
49%
2016 Artificial Ascent
47%
2024 Spectre
47%
2024 Tunnel of Despair
47%
2019, 2020 Crimson Planet
43%
2017, 2018 Plasma Pulse Finale
43%
2017 Digital Descent
41%
2019 Deimos
38%
2019, 2020 Renevant
38%
2021, 2022 Hard Machine
34%
2020 Cognition
32%
2022 poocubed
30%
2016 Athanatos
29%
2020 Calculator Core
29%
2020 Cold Sweat
28%
2021 Trueffet
28%
2016 Conical Depression
25%
2022 Oblivion
25%
2023 Codependence
22%
2017, 2018 Gamma
21%
2017 Stalemate Redux
21%
2019 kowareta
18%
2019 Arctic Lights
17%
2018 Devil Vortex
16%
2017, 2018 ZAPHKIEL
14%
2019 Visible Ray
13%
2016 Betrayal of Fate
12%
2016 Hatred
12%
2016 Infernal Abyss
12%
2019 Lucid Nightmares
12%
2017 Cadrega City
11%
2017 Quantum Processing
9%
2018 Celestial Force
7%
2018 Special Rend
7%
2016 Audio Extraction
4%
No matching quizzes found
Score Distribution
Percent of People with Each Score
Percentile by Number Answered
Your Score History
You have not taken this quiz since the last reset